Guess the country by population - Africa - Statistics

General Stats
  • This quiz has been taken 15 times
  • The average score is 29 of 54
Answer Stats
Population Country % Correct
114,484,252 Egypt
92%
229,152,217 Nigeria
92%
46,278,751 Algeria
83%
37,804,634 Angola
83%
105,625,114 DR Congo
83%
129,719,719 Ethiopia
83%
56,203,030 Kenya
83%
61,020,221 South Africa
83%
34,777,522 Ghana
75%
49,358,228 Sudan
75%
69,419,073 Tanzania
75%
29,394,433 Cameroon
67%
38,211,459 Morocco
67%
34,858,402 Mozambique
67%
49,924,252 Uganda
67%
14,528,770 Guinea
58%
31,056,610 Madagascar
58%
24,015,789 Mali
58%
28,238,972 Niger
58%
18,706,922 Somalia
58%
2,719,694 Botswana
50%
23,840,247 Burkina Faso
50%
13,591,657 Burundi
50%
18,847,148 Chad
50%
1,152,329 Djibouti
50%
1,754,993 Equatorial Guinea
50%
1,222,075 Eswatini
50%
2,484,557 Gabon
50%
2,197,149 Guinea Bissau
50%
29,603,302 Ivory Coast
50%
1,301,978 Mauritius
50%
108,263 Seychelles
50%
14,080,072 Benin
42%
867,605 Comoros
42%
6,244,547 Congo
42%
5,915,627 Central African Republic
42%
3,817,651 Eritrea
42%
2,841,803 Gambia
42%
14,414,910 Rwanda
42%
236,381 Sao Tome and Principe
42%
18,221,567 Senegal
42%
12,564,689 Tunisia
42%
21,134,695 Zambia
42%
17,020,321 Zimbabwe
42%
604,461 Cabo Verde
33%
2,356,083 Lesotho
33%
5,536,949 Liberia
33%
6,964,197 Libya
33%
4,993,922 Mauritania
33%
2,645,805 Namibia
33%
11,277,092 South Sudan
33%
9,260,864 Togo
33%
21,475,962 Malawi
25%
8,977,972 Sierra Leone
25%
No matching quizzes found
Score Distribution
Percent of People with Each Score
Percentile by Number Answered
Your Score History
You have not taken this quiz